000
00212nam a2200085Ia 4500
008
220204s9999 xx 000 0 und d
082
_a
058(4)
_b
EUR
245
0
_a
Europa yearbook. 1977: World survey. V 1
942
_c
BK
999
_c
25739
_d
25739